00371nam a22001217a 450000500170000002000240001703500130004103700130005410000190006724501020008626000420018830000190023020170828144332.0 a8170003121c1200.00 aB-058635 aDPLbENG aDhyani, Pushpa aDhyani's glossarium of Library and Information Science terms :bEngligh-Hindi /cby Pushpa Dhyani aNew DelhibEss Ess Publicationsc2002 a589p.c20 cms.